Dongeng rakyat dunia 1
| Format: | Book |
|---|---|
| Published: |
Kuala Lumpur :
DBP ,
1993
|
| Series: | Sastera remaja
|
| Subjects: |
MARC
| LEADER | 00000cam a2200000 7i4500 | ||
|---|---|---|---|
| 001 | 0000006631 | ||
| 002 | 000007153 | ||
| 005 | 20000330.0 | ||
| 020 | |a 9836220402 | ||
| 090 | 0 | 0 | |a JF |b DON |
| 245 | 0 | 0 | |a Dongeng rakyat dunia 1 |c diceritakan semula oleh Yulis Haji Alwi |
| 260 | |a Kuala Lumpur : |b DBP , |c 1993 | ||
| 300 | |a 133p. ; |c 18cm. | ||
| 490 | 0 | |a Sastera remaja | |
| 650 | 0 | 0 | |a Children's stories, Malay |
| 999 | |a 039383 |b BUKU |c PINJAMAN |e PERPUSTAKAAN KOMUNITI PETALING JAYA | ||
| 999 | |a 039384 |b BUKU |c PINJAMAN |e PERPUSTAKAAN KOMUNITI PETALING JAYA | ||